Quiz about Brittany (French region) - Statistics

General Stats
  • This quiz has been taken 9 times
  • The average score is 9 of 15
Answer Stats
Questions Answers % Correct
What is the population (to the nearest million) ? 3.4 million
100%
How many departments are there ? 4
100%
What is the 2nd most populated city ? Brest
100%
Name a French region bordering the region Normandie | Pays-de-la-Loire
100%
What is the capital of Brittany ? Rennes
100%
Which building, doubly listed by UNESCO, is located in Normandy but is claimed by the Bretons? Mont-Saint-Michel Abbey
75%
Which town is known for its alignments of 2,934 menhirs? Carnac
63%
In what year was Brittany officially annexed to the kingdom of France (within 10 years)? 1532
38%
Which Breton island is the largest in metropolitan France not connected by a bridge? Belle-Île-en-Mer
38%
What is the name of the mythical and enchanted forest mentioned in Arthurian legends? Brocéliande
38%
Which famous explorer from Saint-Malo was the first to explore Canada via the St. Lawrence River? Jacques Cartier
38%
Which department considered to be Breton is not part of the administrative region of Brittany? Loire-Atlantique
38%
Which famous music festival takes place in Carhaix? the Vieilles Charrues
38%
Which French writer, author of "Mémoires d’outre-tombe", was born in Saint-Malo? François-René de Chateaubriand
0%
Which rocky headland at the tip of Finistère is one of the westernmost in France? Pointe du Raz / Pointe du Corsen
0%
No matching quizzes found
Score Distribution
Percent of People with Each Score
Percentile by Number Answered
Your Score History
You have not taken this quiz